Applied mathematics for technicians (Record no. 24894)

MARC details
000 -LEADER
fixed length control field 00286nam a2200109Ia 4500
082 ## - DEWEY DECIMAL CLASSIFICATION NUMBER
Classification number 51:62
Item number MOO
100 ## - MAIN ENTRY--AUTHOR NAME
Personal name Moore, Claude S
245 #0 - TITLE STATEMENT
Title Applied mathematics for technicians
260 ## - PUBLICATION, DISTRIBUTION, ETC. (IMPRINT)
Place of publication New Jersey
Name of publisher Prentice Hall
Year of publication 1975
942 ## - ADDED ENTRY ELEMENTS (KOHA)
Koha item type Books
Holdings
Withdrawn status Lost status Damaged status Not for loan Home library Current library Date acquired Cost, normal purchase price Full call number Accession Number Koha item type
        RRII Library RRII Library 16/12/2021 10.95 51:62 MOO 05560 Books